Bulgarian Cyrillic Alphabet - Statistics

General Stats
  • This quiz has been taken 772 times
  • The average score is 22 of 30
Answer Stats
Picture Answer % Correct
a [A]
86%
m [Ma]
86%
e [E]
85%
o [O]
85%
s [Sa]
85%
d [Da]
83%
k [Ka]
83%
r [Ra]
83%
t [Ta]
83%
v [Va]
82%
b [Ba]
81%
z [Za]
81%
f [Fa]
80%
p [Pa]
80%
g [Ga]
78%
l [La]
78%
n [Na]
78%
u [U]
78%
i [I]
77%
sh [Sha]
76%
h [Ha]
72%
ya [Ya]
71%
ch [Cha]
69%
ts [Tsa]
66%
y [I Kratko]
65%
zh [Zha]
64%
yu [Yu]
62%
sht [Shta]
60%
y [Er malak]
42%
a [Er golyam]
34%
No matching quizzes found
Score Distribution
Percent of People with Each Score
Percentile by Number Answered
Your Score History
You have not taken this quiz